Прочность элементов авиационных конструкций: межвузовский научный сборник

Bibliografske podrobnosti
Korporativna značnica: Уфимский авиационный институт им. Орджоникидзе
Drugi avtorji: Мавлютов Р. Р. (редактор)
Jezik:ruščina
Izdano: Уфа, Изд-во УАИ, 1987
Teme:
Format: MixedMaterials Knjiga
KOHA link:https://koha.lib.tpu.ru/cgi-bin/koha/opac-detail.pl?biblionumber=258797

MARC

LEADER 00000nam0a2200000 4500
001 258797
005 20231101233327.0
035 |a (RuTPU)RU\TPU\book\281686 
090 |a 258797 
100 |a 20140428d1987 k y0rusy50 ca 
101 0 |a rus 
102 |a RU 
105 |a a z 001zy 
200 1 |a Прочность элементов авиационных конструкций  |e межвузовский научный сборник  |f Уфимский авиационный институт им. Орджоникидзе ; под ред. Р. Р. Мавлютова 
210 |a Уфа  |c Изд-во УАИ  |d 1987 
215 |a 160 с.  |c ил. 
320 |a Библиогр. в конце ст. 
606 1 |a Авиационные конструкции  |x Прочность  |2 stltpush  |3 (RuTPU)RU\TPU\subj\417  |9 29353 
610 1 |a элементы 
610 1 |a расчет 
610 1 |a проектирование 
610 1 |a композитные материалы 
610 1 |a напряжение 
610 1 |a диагностика 
610 1 |a деформация 
675 |a 629.73.02  |v 3 
702 1 |a Мавлютов  |b Р. Р.  |4 340 
712 0 2 |a Уфимский авиационный институт им. Орджоникидзе  |2 stltpush  |3 (RuTPU)RU\TPU\col\4501  |9 23991 
801 1 |a RU  |b 63413507  |c 20140428 
801 2 |a RU  |b 63413507  |c 20150122  |g RCR 
942 |c BK